|
|
|
|
| LEADER |
01440nam a2200361Ia 4500 |
| 001 |
EBC3014531 |
| 003 |
MiAaPQ |
| 005 |
20200520144314.0 |
| 006 |
m o d | |
| 007 |
cr cn||||||||| |
| 008 |
060622s2006 dcu sb i000 0 eng d |
| 035 |
|
|
|a (MiAaPQ)EBC3014531
|
| 035 |
|
|
|a (Au-PeEL)EBL3014531
|
| 035 |
|
|
|a (CaPaEBR)ebr10380914
|
| 035 |
|
|
|a (CaONFJC)MIL382990
|
| 035 |
|
|
|a (OCoLC)694141235
|
| 040 |
|
|
|a MiAaPQ
|c MiAaPQ
|d MiAaPQ
|
| 050 |
|
4 |
|a HG3942
|b .P73 2006
|
| 100 |
1 |
|
|a Pramor, Marcus.
|
| 245 |
1 |
0 |
|a Common volatility trends in the Central and Eastern European currencies and the Euro
|h [electronic resource] /
|c prepared by Marcus Pramor and Natalia T. Tamirisa.
|
| 260 |
|
|
|a [Washington, D.C.] :
|b International Monetary Fund, Research Dept.,
|c c2006.
|
| 300 |
|
|
|a 23 p.
|
| 490 |
1 |
|
|a IMF working paper ;
|v WP/06/206
|
| 500 |
|
|
|a "September 2006."
|
| 504 |
|
|
|a Includes bibliographical references.
|
| 533 |
|
|
|a Electronic reproduction. Ann Arbor, MI : ProQuest, 2015. Available via World Wide Web. Access may be limited to ProQuest affiliated libraries.
|
| 650 |
|
0 |
|a Foreign exchange rates
|x Econometric models
|z Europe.
|
| 650 |
|
0 |
|a Monetary policy
|z Europe.
|
| 655 |
|
4 |
|a Electronic books.
|
| 700 |
1 |
|
|a Tamirisa, Natalia T.
|
| 710 |
2 |
|
|a ProQuest (Firm)
|
| 830 |
|
0 |
|a IMF working paper ;
|v WP/06/206.
|
| 856 |
4 |
0 |
|u https://ebookcentral.proquest.com/lib/matrademy/detail.action?docID=3014531
|z Click to View
|